German Entries at the ESC Eurovision Song Contest Since 2000 - Statistics

General Stats
  • This quiz has been taken 11 times
    4 since last reset
  • The average score is 18 of 25
Answer Stats
Year Final Rank Song Artist / Band % Correct
2024 12 / 25 Always On The Run Isaak
100%
2021 25 / 26 I Don't Feel Hate Jendrik
100%
2011 10 / 25 Taken by a Stranger Lena
100%
2010 1 / 25 Satellite Lena
100%
2022 25 / 25 Rockstars Malik Harris
100%
2018 4 / 26 You Let Me Walk Alone Michael Schulte
100%
2019 25 / 26 Sister S!sters
100%
2000 5 / 24 Wadde hadde dudde da? Stefan Raab
100%
2025 15 / 26 Baller Abor & Tynna
75%
2015 27 / 27 Black Smoke Ann Sophie
75%
2014 18 / 26 Is It Right Elaiza
75%
2016 26 / 26 Ghost Jamie-Lee⁠
75%
2001 8 / 23 Wer Liebe lebt Michelle
75%
2008 23 / 25 Disappear No Angels
75%
2007 19 / 24 Frauen regier’n die Welt Roger Cicero
75%
2009 20 / 25 Miss Kiss Kiss Bang Alex Swings Oscar Sings!
50%
2013 21 / 26 Glorious Cascada
50%
2002 21 / 24 I Can’t Live Without Music Corinna May
50%
2005 24 / 24 Run & Hide Gracia
50%
2003 12 / 26 Let’s Get Happy Lou
50%
2004 8 / 24 Can’t Wait Until Tonight Max Mutzke
50%
2012 8 / 26 Standing Still Roman Lob
50%
2006 15 / 24 No No Never Texas Lightning
50%
2017 25 / 26 Perfect Life Levina
25%
2023 26 / 26 Blood & Glitter Lord of the Lost
25%
No matching quizzes found
Score Distribution
Percent of People with Each Score
Percentile by Number Answered
Your Score History
You have not taken this quiz since the last reset